[Event "AUTO-ADV-4610"]
[Site "http://www.queenalice.com/game.php?id=1789143"]
[Date "2022.5.18"]
[Round "1"]
[White "denisaugusto09"]
[Black "BobFicha"]
[Result "1-0"]
[WhiteElo "1934"]
[BlackElo "2000"]

1. e4 e5 2. Nf3 Nc6 3. Bb5 Qf6 4. Nc3 Bd6 5. d3 Bb4 6. a3 Bxc3+ 7. bxc3 a6 8.
Bc4 b5 9. Bd5 Nge7 10. Bg5 Qg6 11. Bxe7 Kxe7 12. Nh4 Qg5 13. Nf5+ Kf6 14. Qf3
Qf4 15. Qe2 g6 16. g3 Qg5 17. h4 Qh5 18. g4 1-0

[Event "AUTO-ADV-4610"]
[Site "http://www.queenalice.com/game.php?id=1789152"]
[Date "2022.5.18"]
[Round "1"]
[White "denisaugusto09"]
[Black "bdpq"]
[Result "1-0"]
[WhiteElo "1964"]
[BlackElo "1776"]

1. e4 d5 2. exd5 Qxd5 3. Nc3 Qd8 4. Nf3 e6 5. d4 Bb4 6. Bd2 Nf6 7. Bd3 O-O 8. a3
Bxc3 9. Bxc3 Nd5 10. Bd2 Nc6 11. c3 Bd7 12. Qc2 a6 13. Bxh7+ Kh8 14. Bd3 Kg8 15.
c4 Nf6 16. Bg5 Na5 17. h4 Bc6 18. O-O-O Bxf3 19. gxf3 b5 20. c5 Qxd4 21. Bh7+
Kh8 22. Rxd4 e5 23. Rdd1 Ne8 24. Be4 Rb8 25. Be7 Rg8 26. Bh7 g6 27. Bxg8 Kxg8
28. Rd8 Rb7 29. Rxe8+ Kg7 30. h5 Ra7 31. h6+ Kh7 32. Bf6 1-0

[Event "AUTO-ADV-4610"]
[Site "http://www.queenalice.com/game.php?id=1789153"]
[Date "2022.5.18"]
[Round "1"]
[White "bdpq"]
[Black "denisaugusto09"]
[Result "0-1"]
[WhiteElo "1883"]
[BlackElo "1953"]

1. e4 e5 2. d4 exd4 3. Qxd4 Nc6 4. Qd1 d6 5. Bb5 Bd7 6. Nf3 a6 7. Bd3 Nf6 8. Bg5
Be7 9. e5 dxe5 10. O-O e4 11. Bxe4 Nxe4 12. Be3 O-O 13. Nbd2 Nxd2 14. Bxd2 Bg4
15. h3 Bh5 16. Qe2 Nd4 17. Qe3 Bxf3 18. Qc3 Ne2+ 19. Kh1 Nxc3 20. Bxc3 Bc6 21.
Rad1 Qc8 22. Rd4 Qxh3+ 0-1

[Event "AUTO-ADV-4620"]
[Site "http://www.queenalice.com/game.php?id=1791596"]
[Date "2022.6.27"]
[Round "1"]
[White "Canaye"]
[Black "denisaugusto09"]
[Result "0-1"]
[WhiteElo "1887"]
[BlackElo "1989"]

1. d4 d5 2. c4 c6 3. Nc3 Nf6 4. cxd5 cxd5 5. e3 e6 6. Bd3 Bd6 7. Nge2 Nc6 8. O-O
O-O 9. a3 a6 10. Qc2 h6 11. e4 dxe4 12. Bxe4 Qb6 13. Be3 Qc7 14. Bf3 e5 15. dxe5
Nxe5 16. Be4 Neg4 17. Ng3 Bxg3 18. hxg3 Nxe3 19. fxe3 Qxg3 20. Rf3 Qc7 21. Bd3
Be6 22. Rxf6 gxf6 23. Rf1 Qe5 24. Ne4 f5 25. Nd2 Qxe3+ 26. Kh1 Rac8 27. Qd1 Qxd3
28. Rf3 Qc2 29. Rg3+ Kh7 30. Qe2 Rcd8 31. Qe5 Rg8 32. Rxg8 Rxg8 33. Qd4 Qd1+ 34.
Kh2 Qe2 0-1

[Event "AUTO-ADV-4620"]
[Site "http://www.queenalice.com/game.php?id=1791597"]
[Date "2022.6.27"]
[Round "1"]
[White "denisaugusto09"]
[Black "Canaye"]
[Result "1-0"]
[WhiteElo "1996"]
[BlackElo "1893"]

1. e4 e6 2. d4 d5 3. e5 c5 4. c3 Nc6 5. Nf3 cxd4 6. cxd4 Bb4+ 7. Nc3 Qb6 8. Bd3
Bd7 9. a3 Bxc3+ 10. bxc3 Nge7 11. O-O O-O 12. Be3 Qd8 13. Qe2 f5 14. exf6 Rxf6
15. Ne5 Ng6 16. Nxg6 hxg6 17. Bg5 Qf8 18. Bxf6 Qxf6 19. Qg4 Ne7 20. Rab1 b6 21.
Qg3 Nf5 22. Qc7 Be8 23. Bb5 Bxb5 24. Rxb5 Kh7 25. Qe5 Qxe5 26. dxe5 Rc8 27. Rb3
g5 28. f4 Kg6 29. fxg5 Rc4 30. Rf3 Re4 31. Kf2 Rxe5 32. g4 Ne7 33. h4 Nc8 34.
Re3 Rxe3 35. Kxe3 Nd6 36. Kf4 Nc4 37. h5+ Kf7 38. g6+ Kf6 39. g5+ Ke7 40. h6
gxh6 41. gxh6 Kf8 42. Rb1 Kg8 43. Rh1 e5+ 44. Kf5 e4 45. Kf6 Nd6 46. h7+ Kh8 47.
g7# 1-0

[Event "AUTO-ADV-4620"]
[Site "http://www.queenalice.com/game.php?id=1791612"]
[Date "2022.6.27"]
[Round "1"]
[White "Anusha"]
[Black "denisaugusto09"]
[Result "0-1"]
[WhiteElo "1772"]
[BlackElo "2008"]

1. c4 e5 2. g3 Nf6 3. Bg2 Nc6 4. Nc3 Bb4 5. d3 Bxc3+ 6. bxc3 h6 7. Nf3 d6 8. O-O
O-O 9. Rb1 Rb8 10. Nd2 Ne7 11. Nb3 Bd7 12. Be3 b6 13. h3 Qc8 14. Kh2 Bc6 15. d4
Bxg2 16. Kxg2 Ne4 17. Qd3 Qb7 18. d5 f5 0-1

[Event "AUTO-ADV-4620"]
[Site "http://www.queenalice.com/game.php?id=1791613"]
[Date "2022.6.27"]
[Round "1"]
[White "denisaugusto09"]
[Black "Anusha"]
[Result "1-0"]
[WhiteElo "2036"]
[BlackElo "1701"]

1. d4 Nf6 2. c4 d5 3. cxd5 Nxd5 4. Nf3 Nc6 5. e3 Bg4 6. Be2 e6 7. O-O Bd6 8. Nc3
O-O 9. Nd2 Bxe2 10. Nxe2 f5 11. Nc4 Be7 12. Bd2 Nf6 13. Nc1 Ne4 14. Nd3 Bf6 15.
Nf4 Qe7 16. Qb3 Rab8 17. Bc3 Rfd8 18. Nd2 Nxc3 19. bxc3 Re8 20. a4 a5 21. Rac1
Nd8 22. d5 Kh8 23. dxe6 Nxe6 24. Nxe6 Qxe6 25. Qxe6 Rxe6 26. c4 Rd6 27. Nb3 b6
28. c5 Rd3 29. Rb1 Kg8 30. Rfd1 Rbd8 31. Rxd3 Rxd3 32. g3 Kf7 33. Kf1 Ke6 34.
Ke2 Rd8 35. Rd1 Rxd1 36. Kxd1 Kd5 37. cxb6 cxb6 38. Nd2 Kc5 39. e4 1-0

[Event "AUTO-ADV-4620"]
[Site "http://www.queenalice.com/game.php?id=1791624"]
[Date "2022.6.27"]
[Round "1"]
[White "denisaugusto09"]
[Black "SamuraiJOM"]
[Result "1-0"]
[WhiteElo "2015"]
[BlackElo "1721"]

1. c4 e5 2. Nc3 Nf6 3. g3 Nc6 4. Bg2 a5 5. Nf3 Bc5 6. O-O d6 7. d3 h6 8. Bd2 Bf5
9. Qc1 Qd7 10. Nb5 O-O-O 11. a3 d5 12. Bxa5 Nxa5 13. Qd1 Kb8 14. b4 Bh3 15. bxa5
c6 16. Nc3 d4 17. Na4 Ba7 18. Nxe5 Qe7 19. Nxc6+ bxc6 20. Bxh3 g5 21. Nb6 g4 22.
Bg2 c5 23. Rb1 Kc7 24. Na8+ Kd6 25. Rb7 Nd7 26. Rxa7 f5 27. Qd2 Qg5 28. Qxg5
hxg5 29. Rb1 f4 30. Nb6 Nxb6 31. Rxb6+ Ke5 32. Re7+ 1-0

[Event "AUTO-ADV-4620"]
[Site "http://www.queenalice.com/game.php?id=1791625"]
[Date "2022.6.27"]
[Round "1"]
[White "SamuraiJOM"]
[Black "denisaugusto09"]
[Result "0-1"]
[WhiteElo "1827"]
[BlackElo "2028"]

1. e4 e5 2. Nf3 Nc6 3. Bc4 Bc5 4. c3 d6 5. d4 exd4 6. cxd4 Bb4+ 7. Nc3 Nf6 8. a3
Bxc3+ 9. bxc3 Bg4 10. h3 Bh5 11. d5 Ne5 12. Bb5+ Ned7 13. Qd4 a6 14. e5 Qe7 15.
O-O dxe5 16. Nxe5 axb5 17. Re1 O-O 18. Bf4 Qc5 19. Nxd7 Qxd4 20. cxd4 Nxd7 21.
Bxc7 Ra4 22. g4 Bg6 23. Red1 Nf6 24. f3 Nxd5 25. Bd6 Re8 26. Bg3 f6 27. h4 Re3
28. Kg2 Rexa3 29. Rxa3 Rxa3 30. Bf2 Ne3+ 31. Bxe3 Rxe3 32. Kf2 Rd3 33. Ke2 Rxd1
34. Kxd1 Bd3 35. Kd2 Bc4 36. Kc3 Kf7 37. Kb4 b6 38. f4 h5 39. gxh5 Ke6 40. Kc3
Kf5 41. Kb4 Kxf4 42. d5 Ke5 0-1

[Event "AUTO-OPEN-4344"]
[Site "http://www.queenalice.com/game.php?id=1799336"]
[Date "2022.11.5"]
[Round "2"]
[White "gizmokaka"]
[Black "denisaugusto09"]
[Result "1-0"]
[WhiteElo "2445"]
[BlackElo "2024"]

1. d4 d5 2. c4 c6 3. Nf3 Nf6 4. Nc3 Bg4 5. Ne5 Nbd7 6. Nxg4 Nxg4 7. cxd5 cxd5 8.
e4 Ngf6 9. e5 Ne4 10. Nxe4 dxe4 11. Bc4 e6 12. O-O Be7 13. Qg4 Rg8 14. Qxe4 Qc7
15. d5 exd5 16. Bxd5 Qxe5 17. Qc4 Kd8 18. Bxb7 Nb6 19. Rd1+ Ke8 20. Qc6+ 1-0

[Event "AUTO-OPEN-4344"]
[Site "http://www.queenalice.com/game.php?id=1799337"]
[Date "2022.11.5"]
[Round "2"]
[White "denisaugusto09"]
[Black "gizmokaka"]
[Result "0-1"]
[WhiteElo "2022"]
[BlackElo "2446"]

1. e4 e5 2. Nf3 Nc6 3. Bb5 a6 4. Bxc6 dxc6 5. O-O Bg4 6. d3 Bd6 7. Be3 c5 8.
Nbd2 Ne7 9. c3 O-O 10. Qb3 Qd7 11. h3 Be6 12. c4 h6 13. Nh2 Nc6 14. Ndf3 a5 15.
Qc2 f5 16. exf5 Bxf5 17. Qd2 Rae8 18. a3 Bxh3 19. Bxh6 Rxf3 20. gxf3 Nd4 21. Qg5
e4 22. Bxg7 Bxh2+ 23. Kh1 Nxf3 0-1

[Event "AUTO-OPEN-4344"]
[Site "http://www.queenalice.com/game.php?id=1799342"]
[Date "2022.11.5"]
[Round "2"]
[White "denisaugusto09"]
[Black "maurice916"]
[Result "1-0"]
[WhiteElo "2039"]
[BlackElo "1774"]

1. e4 c6 2. d4 d5 3. e5 Bf5 4. Nf3 h5 5. Bg5 Qb6 6. b3 g6 7. Bd3 Bxd3 8. Qxd3 e6
9. Nh4 Nh6 10. Nd2 Na6 11. c3 Be7 12. Bxe7 Kxe7 13. Ndf3 Rac8 14. Ng5 Rcf8 15.
O-O Rhg8 16. Qe3 c5 17. Nh7 Nf5 18. Qg5+ Kd7 19. Nxf5 exf5 20. Nf6+ Kc7 21.
Nxd5+ 1-0

[Event "AUTO-OPEN-4344"]
[Site "http://www.queenalice.com/game.php?id=1799343"]
[Date "2022.11.5"]
[Round "2"]
[White "maurice916"]
[Black "denisaugusto09"]
[Result "1/2-1/2"]
[WhiteElo "1794"]
[BlackElo "2036"]

1. g3 d5 2. d4 Nf6 3. Bg2 Bf5 4. e3 e6 5. Nd2 Nc6 6. Ngf3 Nb4 7. e4 dxe4 8. Nh4
e3 9. Nxf5 exd2+ 10. Bxd2 exf5 11. Bxb4 Bxb4+ 12. c3 Be7 13. Bxb7 Rb8 14. Bc6+
Nd7 15. b3 O-O 16. O-O Bd6 17. Qd3 g6 18. c4 Nf6 19. Bg2 c5 20. d5 Re8 21. Rae1
Qa5 22. Rxe8+ Rxe8 23. Qc2 Re1 24. Rxe1 Qxe1+ 25. Bf1 Ne4 26. f3 Nd2 27. Qd3
Bxg3 28. hxg3 Qxg3+ 29. Bg2 Qe1+ 30. Kh2 Qh4+ 31. Kg1 Qe1+ 32. Kh2 Kf8 33. d6
Ke8 34. Qd5 Qh4+ 35. Kg1 Qe1+ 36. Kh2 Qh4+ 37. Kg1 1/2-1/2

[Event "AUTO-ADV-4620"]
[Site "http://www.queenalice.com/game.php?id=1800901"]
[Date "2022.11.28"]
[Round "2"]
[White "denisaugusto09"]
[Black "Amedeo"]
[Result "0-1"]
[WhiteElo "2026"]
[BlackElo "2271"]

1. e4 c5 2. Nf3 e6 3. c4 Nc6 4. Be2 g5 5. h4 g4 6. Nh2 h5 7. g3 b6 8. d3 Bg7 9.
Nc3 Nge7 10. f3 Be5 11. f4 Bg7 12. e5 d6 13. exd6 Nf5 14. Ne4 Bb7 15. Bd2 Ncd4
16. Nxg4 hxg4 17. Bxg4 Nxg3 18. Rh3 Nxe4 19. dxe4 Bxe4 20. Bc3 Qxd6 21. Bxd4
Bxd4 22. Qa4+ Ke7 0-1

[Event "AUTO-ADV-4620"]
[Site "http://www.queenalice.com/game.php?id=1800902"]
[Date "2022.11.28"]
[Round "2"]
[White "Amedeo"]
[Black "denisaugusto09"]
[Result "1-0"]
[WhiteElo "2254"]
[BlackElo "2044"]

1. d4 d5 2. c4 c6 3. Nc3 Nf6 4. Nf3 e6 5. e3 Bb4 6. Bd3 Nbd7 7. a3 Bxc3+ 8. bxc3
Ne4 9. O-O Nxc3 10. Qc2 Ne4 11. a4 Ndf6 12. Ba3 b6 13. Ne5 c5 14. cxd5 exd5 15.
f3 Nd6 16. dxc5 bxc5 17. Qxc5 Nc4 18. Bxc4 dxc4 19. Rad1 Nd7 20. Qd5 Rb8 21.
Qxf7# 1-0

[Event "AUTO-ADV-4620"]
[Site "http://www.queenalice.com/game.php?id=1800903"]
[Date "2022.11.28"]
[Round "2"]
[White "denisaugusto09"]
[Black "fabricioprado"]
[Result "1-0"]
[WhiteElo "2020"]
[BlackElo "1678"]

1. e4 e5 2. Nf3 Nc6 3. Bb5 d6 4. Nc3 Bd7 5. d4 exd4 6. Nxd4 Nxd4 7. Bxd7+ Qxd7
8. Qxd4 Nf6 9. Bg5 Be7 10. O-O-O O-O 11. e5 Ne8 12. Bxe7 Qxe7 13. exd6 cxd6 14.
g3 a6 15. h4 Rd8 16. Nd5 Qe6 17. Rhe1 Qh6+ 18. Kb1 Nf6 19. Ne3 d5 20. Nf5 Qg6
21. Ne7+ 1-0

[Event "AUTO-ADV-4620"]
[Site "http://www.queenalice.com/game.php?id=1800904"]
[Date "2022.11.28"]
[Round "2"]
[White "fabricioprado"]
[Black "denisaugusto09"]
[Result "0-1"]
[WhiteElo "1666"]
[BlackElo "2022"]

1. e4 c5 2. Nf3 Nc6 3. Bb5 a6 4. Bc4 e6 5. O-O Be7 6. d4 b5 7. Be2 cxd4 8. Nxd4
Nf6 9. Bf3 Ne5 10. Bg5 Bb7 11. Bxf6 Bxf6 12. c3 O-O 13. Nd2 Qc7 14. N2b3 Rfd8
15. Qe2 d5 16. exd5 Nxf3+ 17. Qxf3 Rxd5 18. Qe2 Re5 19. Qd2 Rd8 20. Qc2 Rg5 21.
f3 Bxd4+ 22. Nxd4 Rxd4 23. Rac1 Rd6 24. Qe2 Qd7 25. Qe3 h6 26. Rf2 Qc7 27. Rd2
Rxd2 28. Qxd2 Bxf3 29. Kf1 Bxg2+ 30. Ke1 Bd5 31. Qe3 Re5 0-1

[Event "AUTO-ADV-4610"]
[Site "http://www.queenalice.com/game.php?id=1812996"]
[Date "2023.6.2"]
[Round "2"]
[White "denisaugusto09"]
[Black "Canaye"]
[Result "1-0"]
[WhiteElo "2041"]
[BlackElo "1794"]

1. e4 e6 2. d4 d5 3. exd5 exd5 4. Nf3 Nf6 5. Be2 Be7 6. O-O c5 7. dxc5 Bxc5 8.
Bg5 Be7 9. Nbd2 Nc6 10. Re1 O-O 11. c3 h6 12. Bh4 Ng4 13. Bxe7 Nxe7 14. Nd4 Nf6
15. N2f3 Bd7 16. Ne5 Be6 17. Nxe6 fxe6 18. Bd3 Qd6 19. Nc4 Qd7 20. Ne5 Qd8 21.
Qc2 Rc8 22. Nf3 Qb6 23. Nd4 Nc6 24. Rxe6 Qc7 25. Nxc6 Ng4 26. Ne5 Nxe5 27. h3
Nxd3 28. Qxd3 Rcd8 29. Qd4 Rf4 30. Qxa7 Rdf8 31. Re2 Qc6 32. Rf1 R8f7 33. Qe3
Re4 34. Qd2 Rxe2 35. Qxe2 Qd7 36. Qd3 g5 37. Qg6+ Rg7 38. Qxh6 Qe7 39. Qh5 Qe6
40. Rd1 Qe5 41. Qg4 Rd7 42. Qxd7 1-0

[Event "AUTO-ADV-4610"]
[Site "http://www.queenalice.com/game.php?id=1812997"]
[Date "2023.6.2"]
[Round "2"]
[White "Canaye"]
[Black "denisaugusto09"]
[Result "0-1"]
[WhiteElo "1771"]
[BlackElo "2047"]

1. d4 d5 2. c4 c6 3. Nc3 Nf6 4. cxd5 cxd5 5. h3 Nc6 6. Bf4 e6 7. e3 Bd6 8. Bxd6
Qxd6 9. Bd3 a6 10. Nge2 O-O 11. O-O b5 12. a3 Ne7 13. b4 Bd7 14. Re1 Ng6 15. Rc1
e5 16. Bxg6 fxg6 17. dxe5 Qxe5 18. Nf4 Rad8 19. Nfxd5 Qg5 20. Nxf6+ gxf6 21. Qf3
Rc8 22. Ne4 Qf5 23. Rxc8 Bxc8 24. Nd2 Rd8 25. Qe2 Qd3 26. Qxd3 Rxd3 27. Ne4 f5
28. Nc5 Rxa3 29. e4 fxe4 30. Rxe4 Bf5 31. Re8+ Kf7 32. Ra8 Ra1+ 33. Kh2 Rb1 34.
Nxa6 Ra1 35. Nc7 Rxa8 36. Nxa8 Bd3 37. Nc7 Kf6 38. Nd5+ Ke5 39. Nc7 Kd4 40. Kg3
Kc4 41. Na6 Bf5 42. Kf3 Bc8 43. Nc7 Kxb4 44. Ke3 Ka4 45. Kd2 b4 46. Kc1 Ka3 47.
Nb5+ Kb3 48. Nd4+ Kc3 49. Ne2+ Kd3 50. Nf4+ Ke4 51. Ne2 Ba6 52. Ng1 Kd3 53. Nf3
Ke2 54. Nd4+ Kxf2 55. Kb2 Kxg2 56. Ne6 Kxh3 57. Ng5+ Kg4 58. Nxh7 Bc4 59. Nf6+
Kf4 60. Nd7 b3 61. Nb6 Be6 62. Na4 g5 63. Nc3 Kf3 64. Nb1 g4 65. Nd2+ Ke3 66.
Nf1+ Kf2 67. Nd2 Bd5 68. Nb1 g3 69. Nc3 Bg8 70. Ne4+ Kf3 71. Nd2+ Ke2 72. Ne4 g2
0-1